000 00342nam a2200133Ia 4500
008 240624s9999 xx 000 0 und d
041 _aeng
082 _a658.5 CHA
100 _aCHAKRAVARTY AMIYA K
245 _aMARKET DRIVEN ENTERPRISES PRODUCT DEVELO
260 _c2001
_aNew York
_bJohn Wiley
300 _axiv, : 514p. ; 23cm.
365 _c
999 _c4113
_d4113